000 00216nam a2200097Ia 4500
008 190216s9999||||xx |||||||||||||| ||und||
100 _aNull
245 0 _aHindi-Hara Hua Athmi
260 _bBright Careers
942 _cBK
999 _c17455
_d17455